| 000 | 00449nam a22001337a 4500 | ||
|---|---|---|---|
| 020 | _a90-219-0456-X | ||
| 082 | _a745.2 IND'V | ||
| 100 |
_aVAZQUEZ, PEDRO RAMIREZ,MARGAIN, ALEJANDRO LAZO _975329 |
||
| 245 | _aINDUSTRIAL DESIGN AND HUMAN DEVELOPMENT | ||
| 260 |
_aAMSTERDO _bEXCERTA MEDICA _c1980 |
||
| 300 | _a354P | ||
| 650 |
_aDESIGN INDUSTRIAL CONGRESSES ROUND TABLES AND PROFESSORS SEMINARS PANEL SESSIONS PLANARY SESSIONS _975330 |
||
| 942 | _cBK | ||
| 999 |
_c580767 _d580767 |
||